000 00283nam a22001337a 4500
008 181030b xxu||||| |||| 00| 0 eng d
020 _a9780312043490
041 _aeng
080 _a610
100 _a4
101 _aShm
245 _aMedical School
_cKeith.r
942 _2udc
_cBK
999 _c51152
_d51152